Financial Accounting (Record no. 12672)
[ view plain ]
| 000 -LEADER | |
|---|---|
| fixed length control field | 00213nam a22000977a 4500 |
| 082 ## - DEWEY DECIMAL CLASSIFICATION NUMBER | |
| Classification number | 657 |
| 100 ## - MAIN ENTRY--AUTHOR NAME | |
| Personal name | Syed Iftikhar Ali |
| 245 ## - TITLE STATEMENT | |
| Title | Financial Accounting |
| 260 ## - PUBLICATION, DISTRIBUTION, ETC. (IMPRINT) | |
| Place of publication | Pakistan |
| Name of publisher | Khalid Petiwala |
| Year of publication | 2020 |
| 942 ## - ADDED ENTRY ELEMENTS (KOHA) | |
| Koha item type | Books |
| Withdrawn status | Lost status | Collection code | Permanent Location | Current Location | Shelving location | Date acquired | Full call number | Accession Number | Koha item type |
|---|---|---|---|---|---|---|---|---|---|
| | | | MAJU | MAJU | | 2020-11-04 | 657 | 9860 | Accounting |